Κατάλογος Βιβλιοθηκών Mediterranean College

Ο Θρίαμβος της Απληστίας / Η Ελεύθερη αγορά και η κατάρρευση της παγκόσμιας οικονομίας. (Record no. 3057)

MARC details
000 -LEADER
fixed length control field 01220cam a22001934a 4500
005 - ΗΜΕΡΟΜΗΝΙΑ ΚΑΙ ΩΡΑ ΤΕΛΕΥΤΑΙΑΣ ΕΝΗΜΕΡΩΣΗΣ
Πεδίο ελέγχου 20250605164104.0
008 - FIXED-LENGTH DATA ELEMENTS--GENERAL INFORMATION
Πεδίο ελέγχου σταθερού μήκους 250528s ||||||||||||||||||||||||d
035 ## - SYSTEM CONTROL NUMBER
System control number 17655
020 ## - ISBN
ISBN 9789606698569
040 ## - ΠΗΓΗ ΚΑΤΑΛΟΓΟΓΡΑΦΗΣΗΣ
Φορέας πρωτότυπης καταλογογράφησης MC Athens Campus Library
Γλώσσα καταλογογράφησης Ελληνικά, Μοντέρνα (1453-)
Modifying agency MC Athens Campus Library
Κανόνες περιγραφικής καταλογογράφησης AACR2
245 1# - ΤΙΤΛΟΣ ΚΑΙ ΔΗΛΩΣΗ ΥΠΕΥΘΥΝΟΤΗΤΑΣ
Τίτλος Ο Θρίαμβος της Απληστίας / Η Ελεύθερη αγορά και η κατάρρευση της παγκόσμιας οικονομίας.
Number of part/section of a work Τόμος Β'
260 ## - PUBLICATION, DISTRIBUTION, ETC.
Name of publisher, distributor, etc. Ημερησία Α.Ε,
Date of publication, distribution, etc. 2014
300 ## - PHYSICAL DESCRIPTION
Extent 256
520 ## - SUMMARY, ETC.
Summary, etc. Μια ξεκάθαρη απάντηση στο ερώτημα γιατί τόσοι άνθρωποι αισθάνονται εξαπατημένοι, καθώς και στο πώς μπορούμε να υλοποιήσουμε μια ευημερεύουσα οικονομία και μια δίκαιη κοινωνία για το μέλλον. Από την Παγκόσμια Ανάκαμψη στην Παγκόσμια Ευημερία, Η Αναμόρφωση της Οικονομικής Επιστήμης, Προς μια Νέα Κοινωνία, Επίλογος, Σημειώσεις.
700 1# - ΠΡΟΣΘΕΤΗ ΑΝΑΓΡΑΦΗ--ΦΥΣΙΚΟ ΠΡΟΣΩΠΟ
Personal name Stiglitz Joseph
9 (RLIN) 3845
942 ## - ADDED ENTRY ELEMENTS (KOHA)
Koha item type Books
Holdings
Τύπος τεκμηρίου Βιβλιοθήκη Τρέχουσα τοποθεσία Barcode Αριθμός εισαγωγής Ημερομηνία απόκτησης Ταξιθετικό σύμβολο Αριθμός αντιτύπου Κατάσταση απόσυρσης Κατάσταση χαμένου Κατάσταση κατεστραμμένου Μη δανεισμός Σύνολο δανεισμών Ημερομηνία τελευταίας εμφάνισης Η τιμή ισχύει από
Books MC Athens Campus Library MC Athens Campus Library 9780000030566 6000 05/06/2025 330.973 STI V.B 1           05/06/2025 05/06/2025

MC Athens Campus Library
Πατησίων 94 & Κοδριγκτώνος 13, 104 34
Πελλήνης 8 & Πατησίων 107, 112 51
Τ: +30 210 8899600

MC Thessaloniki Campus Library
Ίωνος Δραγούμη 21, 54625 | Ίωνος Δραγούμη 15, 54625
Τ: +30 2310 287779 – Τ: +30 2314 440300